Central Library OPAC University of Rajshahi

Plant Pathology / (Record no. 55980)

MARC details
000 -LEADER
fixed length control field 00617nam a2200217 a 4500
001 - CONTROL NUMBER
control field 55980
003 - CONTROL NUMBER IDENTIFIER
rucl marc code BD-RjUL
005 - DATE AND TIME OF LATEST TRANSACTION
control field 20211209080335.0
008 - FIXED-LENGTH DATA ELEMENTS--GENERAL INFORMATION
fixed length control field 161124s1988 ii cd||| |||| 001 0 eng d
035 ## - SYSTEM CONTROL NUMBER
System control number (BD-RjUL)
040 ## - CATALOGING SOURCE
Original cataloging agency BD-RjUL
Language of cataloging eng
Transcribing agency BD-RjUL
041 ## - LANGUAGE CODE
Language code of text/sound track or separate title eng
082 04 - DEWEY DECIMAL CLASSIFICATION NUMBER
Edition number 23
Classification number 632.4
Author mark and year MEP 1988
100 1# - MAIN ENTRY--PERSONAL NAME
Personal name Mehrotra, R. S.
9 (RLIN) 38191
245 10 - TITLE STATEMENT
Title Plant Pathology /
Statement of responsibility, etc. R S Mehrotra and Ashok Aggarwal
260 ## - PUBLICATION, DISTRIBUTION, ETC. (IMPRINT)
Place of publication, distribution, etc. New Delhi :
Name of publisher, distributor, etc. Tata McGraw Hill Pub.,
Date of publication, distribution, etc. c1980 [ Reprint 1988]
300 ## - PHYSICAL DESCRIPTION
Pagination xv, 767 p. :
Illustrations ill. ;
Size 24 cm.
500 ## - GENERAL NOTE
General note Includes Index
650 0# - SUBJECT ADDED ENTRY--TOPICAL TERM
Topical term or geographic name as entry element Plant diseases.
9 (RLIN) 38192
942 ## - ADDED ENTRY ELEMENTS (KOHA)
Source of classification or shelving scheme Dewey Decimal Classification
Koha item type Books
Holdings
Lost status Source of classification or shelving scheme Damaged status Not for loan Collection code Permanent Location Current Location Shelving location Date acquired Source of acquisition Cost, normal purchase price Total Checkouts Full call number Date last seen Copy number Koha item type
  Dewey Decimal Classification     Non-fiction Central Library, University of Rajshahi Central Library, University of Rajshahi   03/04/1989 karim International 78.00   632.4 MEP 1988 24/11/2016 C-2 Books